| 000 | 01066nam a22002417a 4500 | ||
|---|---|---|---|
| 999 |
_c64077 _d64077 |
||
| 005 | 20240530110713.0 | ||
| 008 | 180121s2015 ua a g b 000 0dara d | ||
| 017 |
_a2015/8018 _bمصر. دار الكتب |
||
| 020 | _a9789773223564 | ||
| 040 |
_aEG-CaGPL _cEG-CaGPL |
||
| 082 | 0 | 4 |
_221 _a909.07\ _bن ح |
| 100 | 0 | _aنها عوض محمود العجمى | |
| 245 | 1 | 2 |
_aالحملات الصليبية على مصر وبلاد الشام : _b494 - 690 هـ 1095 - 1291 م : التمويل والامداد / _cنها عوض محمود العجمى . |
| 250 | _aط.1 | ||
| 260 |
_aالقاهرة : _bعين للدراسات و البحوث الانسانية و الاجتماعية، _c2015 . |
||
| 300 |
_a238 ص. ؛ _c24 سم. |
||
| 504 | _aببليوجرافية : ص 209 - 238 | ||
| 650 | 0 | 7 |
_2qrmak _aالحروب الصليبية فى مصر |
| 650 | 0 | 7 |
_2qrmak _aالحروب الصليبية فى فلسطين والشام |
| 650 | 0 | 7 |
_2qrmak _aالتاريخ الاسلامى |
| 942 |
_2ddc _cBK |
||